| 000 | 00000nam##2200000za#4500 |
| 001 | 9.606173 |
| 003 | CaOODSP |
| 005 | 20210624212508 |
| 007 | cr ||||||||||| |
| 008 | 150406|2010||||xxc|||||o f|0| 0 fre|d |
| 022 | |a1920-6607 |
| 040 | |aCaOODSP|bfre |
| 043 | |an-cn--- |
| 086 | 1 |aA74-2/2010-3F-PDF |
| 110 | 1 |aCanada. |bAgriculture et agroalimentaire Canada. |bBureau des marchés internationaux. |
| 245 | 10|aTendances de la consommation - la commodité |h[ressource électronique] |
| 260 | |aOttawa - Ontario : |bAgriculture et Agroalimentaire Canada. |cJuin 2010. |
| 300 | |a11p.|bfigure, graphique, références, photographies |
| 490 | 1 |aRapport d’analyse de marché |x1920-6607 |
| 590 | |a13-22-Supp|b2013-09-26 |
| 775 | 08|tConsumer trend report - convenience |w(CaOODSP)9.577620 |
| 830 | #0|aRapport d’analyse de marché,|x1920-6607|w(CaOODSP)9.502774 |
| 856 | 40|ahttp://publications.gc.ca|qPDF|s1.02 Mo|uhttps://publications.gc.ca/collections/collection_2013/aac-aafc/A74-2-2010-3-fra.pdf |
| 986 | |aNo AAC. 11218F |